| 000 | 00623nam a2200193Ia 4500 | ||
|---|---|---|---|
| 003 | GCL | ||
| 008 | 140319s9999 xx 000 0 ara d | ||
| 040 |
_aGCL / _cGCL |
||
| 082 | 0 | 4 |
_a546.43162 _bم ى |
| 100 | 1 | _aمحمد على السيد | |
| 245 | 1 | 0 |
_aاليورانيوم فى مصر: رحلات صحفية / _cمحمد على السيد |
| 300 | _a143 ص | ||
| 490 |
_aالهيئة العامة للاستعلامات _v0 |
||
| 650 | 0 | 4 | _aالوقود النووى |
| 650 | 0 | 4 | _aاليورانيوم |
| 650 | 0 | 4 | _aالنشاط الاشعاعى |
| 650 | 0 | 4 | _aاليورانيوم - مركبات |
| 942 |
_2ddc _cBK |
||
| 999 |
_c50040 _d50040 |
||